000 00512nam a2200169Ia 4500
003 IN-BaIIA
008 211028s9999 xx 000 0 eng d
040 _cIIA Library
080 _a519.2
_bKEN-1
100 _aKendall, Maurice G.
_91598
245 4 _aThe advanced theory of statistics
_bvol. II
_cMaurice G. Kendall
260 _aLondon
_bCharles Griffin
_c1946
300 _avii, 521p.
650 _aStatistical Analysis
_91599
650 _aStatistics
_91600
942 _cBK
999 _c745
_d745